| 000 | 00409pab a2200157 454500 | ||
|---|---|---|---|
| 008 | 180718b2008 xxu||||| |||| 00| 0 eng d | ||
| 100 | _aRueda, David | ||
| 245 | _aLeft government, policy, and corporatism: explaining the influence of partisanship of inequality | ||
| 260 | _c2008 | ||
| 300 | _ap.349-89. | ||
| 362 | _aApr | ||
| 650 | _aWages | ||
| 773 | _aUrban Politics | ||
| 908 | _aN | ||
| 909 | _a79542 | ||
| 999 |
_c79542 _d79542 |
||